000 01124nam0a22002531i 4500
001 rc\2241619
005 20240723120109.0
035 _a(NLR Aleph) 006650165
090 _a4785775
_c4785775
100 _a20110829d1979 |||y0rusy50 ca
101 0 _arus
102 _aRU
105 _ay d |||||
200 1 _aКомплексное использование АВМ и ЭВМ для оценки гидрогеологических параметров и прогноза режима грунтовых вод на орошаемой территории
_e(На прим. Чегем. оросит. системы (ЧОС))
_eАвтореф. дис. на соиск. учен. степ. канд. геол.-минерал. наук
_e(04.00.06)
210 _aМосква
_d1979
215 _a17 с.
300 _aВ надзаг.: Моск. геол.-развед. ин-т им. С. Орджоникидзе
700 0 _aВо Тьен Тай
801 0 _aRU
_bNLR
_gpsbo
801 1 _aRU
_bELAR
_2rusmarc
852 _aNLR
_j80-6/3251
899 _aRuMoRGB
_jДр 391/822
899 _aRuMoRGB
_jДр 391/823
942 _cBOOK